000
00298nam a2200121Ia 4500
008
220216s9999 xx 000 0 und d
100
_a
George C M
245
0
_a
NR price boom to affect rubber industry
260
_b
Rubber Asia
_c
1995
300
_a
21-28
650
_a
Rubber industry
942
_c
JS
999
_c
64165
_d
64165